000 00684nmm a2200253 a 4500
003 AR-BaBNM
005 20251128210819.0
008 221020s2001 ||||||||||||||000 | spa||
020 _a987-500-058-2
040 _cAR-BaBNM
100 1 _aWacquant, Loïc
245 1 0 _aParias urbanos
_bmarginalidad en la ciudad a comienzos del milenio
260 _aBuenos Aires
_bManantial
_c2001
300 0 _a204 p.
_btablas
650 4 _aSOCIOLOGIA URBANA
650 4 _aSOCIOLOGIA INDUSTRIAL
650 4 _aSOCIEDADES INDUSTRIALES
650 4 _aURBANIZACION
650 4 _aMEDIO URBANO
650 4 _aMARGINALIDAD SOCIAL
651 4 _aEstados Unidos
942 _cBK
998 _cMariana
999 _c17028
_d17028